Joan edukira

Электронный учебно-методический комплекс дисциплины "Спортивная этика" учебное пособие

Учебно-методический комплекс включает в себя: рабочую учебную программу дисциплины, список рекомендуемой литературы и Интернет-ресурсов, тезисы лекций и планы семинарских занятий, аттестационные материалы, а также методические указания для преподавателей и студентов. Учебно-методический комплекс пре...

Deskribapen osoa

Gorde:
Xehetasun bibliografikoak
Egile nagusia: Петров А. В.
Formatua: Книга
Hizkuntza:Russian
Argitaratua: Омск СибГУФК 2013
Sarrera elektronikoa:https://e.lanbook.com/book/107621
https://e.lanbook.com/img/cover/book/107621.jpg
Etiketak: Etiketa erantsi
Etiketarik gabe, Izan zaitez lehena erregistro honi etiketa jartzen!
LEADER 01666nam0a2200241 i 4500
001 107621
003 RuSpLAN
005 20221220174013.0
008 221220s2013 ru gs 000 0 rus
040 |a RuSpLAN 
041 0 |a rus 
044 |a ru 
084 |a 75.69  |2 rubbk 
245 0 0 |a Электронный учебно-методический комплекс дисциплины "Спортивная этика"  |b учебное пособие  |c Петров А. В. 
260 |a Омск  |b СибГУФК  |c 2013 
300 |a 52 с. 
504 |a Библиогр.: доступна в карточке книги, на сайте ЭБС Лань 
520 8 |a Учебно-методический комплекс включает в себя: рабочую учебную программу дисциплины, список рекомендуемой литературы и Интернет-ресурсов, тезисы лекций и планы семинарских занятий, аттестационные материалы, а также методические указания для преподавателей и студентов. Учебно-методический комплекс предназначен для студентов высших учебных заведений физической культуры и спорта. 
521 8 |a Книга из коллекции СибГУФК - Физкультура и Спорт 
100 1 |a Петров А. В. 
856 4 |u https://e.lanbook.com/book/107621 
856 4 8 |u https://e.lanbook.com/img/cover/book/107621.jpg 
953 |a https://e.lanbook.com/img/cover/book/107621.jpg